000 00816nam a2200265Ia 4500
001 PA_7650
003 CHAP
005 20221208162503.0
008 220125s1902 xx 000 0 und d
010 _a206544
040 _cCHAP
082 _aPA 632.78016 D93
100 _aDyar, Harrison G.
_934793
245 _aA list of North American Lepidoptera and key to the literature of this order of insects /
_c by Harrison G. Dyar
260 _aWashington :
_b Goverment Printing Office
300 _a723 p.
650 _aAgricultura
_x plagas
_xbibliografía
_91765
650 _aLepidopteros
_x Bibliografía
_9171096
901 _aPA 632.78016 D93
902 _aA
905 _a0000001902 0000000000 00
910 _a1902
942 _cPARA
_2ddc
942 _cPARA
_2ddc
999 _c206544
_d206544